000 00592nam a2200229Ia 4500
003 OSt
005 20221007081806.0
006 a|||||r|||| 00| 0
007 ta
008 221006b |||||||| |||| 00| 0 eng d
024 _a25,275
037 _cTextual
040 _aFLL
_cFLL
_beng
041 _2eng
_aeng
082 _aZ3:91, K1
100 _aCross Rupert
_9688383
245 0 _aPrecedent in english law
260 _aOxford
_bThe Clarendon Press UK
_c1961
300 _aviii,268p
_ccm.
942 _hZ3:91, K1
_cTEXL
_2CC
999 _c1164284
_d1164284